000 00527nam a22001697a 4500
005 20250707143816.0
010 _aENG-145759
020 _a9789357433372
_c465.00
035 _aEN-129291
037 _bDBAD/
082 _a320.101
245 _aIgniting Collective Goodness/
_cNational Book Trust, India
260 _aNew Delhi
_bNational Book Trust
270 _aNehru Bhawan,5 Institutional Area, Phase-2 Vasant Kunj
_bNew Delhi
_e110070
300 _a342p.
_c21.5cm(pb)
942 _2ddc
_cEN
_h320.101
_mIgn
999 _c212174
_d212174